000 00381nam a2200157Ia 4500
008 160316s2011 xxu||||| |||| 00| 0 eng d
082 _a344.010000
_bBHA
100 _aBhasin Alok
245 _aLabour laws : A primer
250 _a
260 _aLucknow
_bEastern Book Co.
_c2011
300 _a204p
_b
_c
365 _b Rs. 295
650 _a1. Labour Law - India
700 _a
_a
999 _c31950
_d31950